| 000 | 00569nam a22001937a 4500 | ||
|---|---|---|---|
| 005 | 20251108165944.0 | ||
| 008 | 250721s1997 xx 000 0 ara d | ||
| 082 | 1 | 4 | _aط/811.9565/محم |
| 100 | 1 | _aعمرو، محمد جمال | |
| 245 | 1 | 0 |
_aيحكى أن : _bشعر / |
| 264 | 1 |
_aعمان : _bدار البشير، _c1997. |
|
| 300 | _a14ص | ||
| 490 | 0 | _aسلاسل البشير السلسلة الشعرية ؛ 1 | |
| 650 | 1 | 7 | _aالشعر الحديث |
| 650 | 1 | 7 | _aالأردن |
| 650 | 1 | 7 | _aالأدب العربي |
| 942 |
_2ddc _cBK |
||
| 999 |
_c35820 _d35820 |
||